header

The role of reflection in managerial learning (Record no. 664)

MARC details
000 -LEADER
fixed length control field 01249nam a22003134a 4500
082 04 - DEWEY DECIMAL CLASSIFICATION NUMBER
Classification number 658
100 1# - MAIN ENTRY--AUTHOR NAME
Personal name Seibert, Kent W.,
245 14 - TITLE STATEMENT
Title The role of reflection in managerial learning
260 ## - PUBLICATION, DISTRIBUTION, ETC. (IMPRINT)
Place of publication Westport, CT :
Name of publisher Quorum,
Year of publication 1999.
300 ## - PHYSICAL DESCRIPTION
Number of Pages xxiii, 227 p.
650 #0 - SUBJECT ADDED ENTRY--TOPICAL TERM
Topical Term Management
Topical Term Organizational learning.
700 1# - ADDED ENTRY--PERSONAL NAME
Personal name Daudelin, Marilyn W.,
856 40 - ELECTRONIC LOCATION AND ACCESS
Uniform Resource Identifier http://site.ebrary.com/lib/rucke/Doc?id=5003899

No items available.

© 2026 Rongo University
Contact us: librarian | system librarian | Rongo university